El Quijote, invitación a la locura
Na minha lista:
| Autor principal: | |
|---|---|
| Formato: | Livro |
| Idioma: | Undetermined |
| Publicado em: |
Guayaquil, Ecuador
Senefelder
1960
|
| Assuntos: | |
| Tags: |
Adicionar Tag
Sem tags, seja o primeiro a adicionar uma tag!
|
MARC
| LEADER | 00000nam a2200000Ia 4500 | ||
|---|---|---|---|
| 008 | 170316s9999 xx 000 0 und d | ||
| 040 | |a cru BVZT | ||
| 090 | |a 862 G-37q | ||
| 100 | |a González Mas, Ezequiel | ||
| 245 | |a El Quijote, invitación a la locura | ||
| 260 | |a Guayaquil, Ecuador |b Senefelder |c 1960 | ||
| 300 | |a 103 páginas | ||
| 650 | |a LITERATURA ESPAÑOLA | ||
| 942 | |c 15 D | ||
| 999 | |c 9928 |d 9928 | ||
